000
00319nam a22001457a 4500
008
221205b ||||| |||| 00| 0 eng d
020
_a
9780133792249
041
_a
eng
080
_a
316
082
_a
316MAN
100
_a
24.2
101
_a
SOCIO
245
_a
THE SOCIOLOGY PROJECT 2.0
_c
MANZA J
942
_2
udc
_c
BK
999
_c
59099
_d
59099